| 000 | 00739nam a22002057a 4500 | ||
|---|---|---|---|
| 003 | BD-DhUL | ||
| 005 | 20211027160103.0 | ||
| 008 | 210920s2021 bg ||||| |||| 00| 0 ben | ||
| 020 | _a9789840426355 (hbk) | ||
| 040 |
_aBD-DhUL _cBD-DhUL |
||
| 082 |
_a954.92 _bHAB |
||
| 100 | 1 | _aহক, আনোয়ারা সৈয়দ | |
| 245 | 0 | 0 |
_aবঙ্গবন্ধু-মুক্তিযুদ্ধ / _cআনোয়ারা সৈয়দ হক । |
| 260 |
_aঢাকা : _bআগামী, _c২০২১ । |
||
| 300 |
_a১৬০ পৃ. ; _c২২ সেমি. |
||
| 365 |
_aBDT _b400.00 |
||
| 651 | 4 |
_aবাংলাদেশ _xইতিহাস । |
|
| 651 | 0 |
_aBangladesh _xHistory. |
|
| 942 |
_2ddc _cBK |
||
| 999 |
_c254476 _d254476 |
||